|
|
|
|
| LEADER |
00689cam a2200205 7i4500 |
| 001 |
0000001526 |
| 005 |
20110107090000.0 |
| 020 |
|
|
|a 9678911434 (pbk.)
|
| 020 |
|
|
|a 9789678911436
|
| 090 |
0 |
0 |
|a KPG2414
|b .P46
|
| 110 |
1 |
|
|a Malaysia
|
| 240 |
1 |
0 |
|a Pensions Laws of Malaysia
|
| 245 |
1 |
0 |
|a Pensions laws of Malaysia
|c compiled by Legal Research Board.
|
| 260 |
|
|
|a Kuala Lumpur:
|b International Law Book Services,
|c 2001-.
|
| 300 |
|
|
|a ii, 116 p.;
|c 24 cm.
|
| 490 |
0 |
|
|a Laws of Malaysia
|
| 500 |
|
|
|a Library has : As at 20th February 2001
|
| 650 |
0 |
0 |
|a Pensions --
|x Law and legislation --
|z Malaysia
|
| 710 |
2 |
|
|a Legal Research Board
|
| 999 |
|
|
|a 0000008227
|b BOK
|c ACTS
|e Ground Floor, Bestari Jaya
|